| 000 | 00734nam a2200205 i 4500 | ||
|---|---|---|---|
| 001 | 105379 | ||
| 003 | ES-MaACL | ||
| 005 | 20251004063139.0 | ||
| 007 | t| | ||
| 008 | 180618s1936 fr a |||| | fre d | ||
| 100 | 0 |
_aBibesco, Marthe Lucie Lahovary, _cprincesse _928765 |
|
| 245 | 1 | 4 |
_aLes huit paradis / _cPrincesse Bibesco ; bois et dessins de Roger Grillon. |
| 260 |
_aParis : _bJ. Ferenczi et Fils, _c1936. |
||
| 300 |
_a175 p. ; _c21 cm. |
||
| 490 | 1 |
_aLe livre moderne illustré ; _v259 |
|
| 700 | 1 |
_aGrillon, Roger. _960036 |
|
| 830 | 0 |
_aLe livre moderne illustré ; _v259 _9184593 |
|
| 852 |
_aES-MaACL _jL-32049 _z. - Donat. herederos de la bibl. de Mª del Pilar Costa Palacín |
||
| 999 |
_c105379 _d105379 |
||